GETS Theological Seminary Library

First Corinthians: (Record no. 16296)

MARC details
000 -LEADER
fixed length control field 00548nam a2200181Ia 4500
008 - FIXED-LENGTH DATA ELEMENTS--GENERAL INFORMATION
fixed length control field 200824s9999||||xx |||||||||||||| ||und||
020 ## - INTERNATIONAL STANDARD BOOK NUMBER
International Standard Book Number 0804231443
020 ## - INTERNATIONAL STANDARD BOOK NUMBER
International Standard Book Number 9780804231442
041 ## - LANGUAGE CODE
Language code of text/sound track or separate title eng
050 ## - LIBRARY OF CONGRESS CALL NUMBER
Classification number BS2675.3
Item number .H38 1997
100 ## - MAIN ENTRY--PERSONAL NAME
Personal name Hays, Richard B.
245 #0 - TITLE STATEMENT
Title First Corinthians:
Remainder of title a bible commentary for teaching and preaching /
Statement of responsibility, etc. Richard B. Hays
260 ## - PUBLICATION, DISTRIBUTION, ETC.
Place of publication, distribution, etc. Louisville, Ky. :
Name of publisher, distributor, etc. John Knox Press,
Date of publication, distribution, etc. 1998
300 ## - PHYSICAL DESCRIPTION
Extent xiv, 299 p.
Other physical details ;
Dimensions 24 cm.
650 ## - SUBJECT ADDED ENTRY--TOPICAL TERM
Topical term or geographic name entry element Comment.
650 ## - SUBJECT ADDED ENTRY--TOPICAL TERM
Topical term or geographic name entry element Paulus (Apostel). -- Corinth(I.)
Holdings
Withdrawn status Lost status Damaged status Not for loan Home library Current library Shelving location Date acquired Total Checkouts Full call number Barcode Date last seen Price effective from Koha item type
        GETS Theological Seminary Library GETS Theological Seminary Library General Stacks 08/24/2020   BS2675.3 .H38 1997 00004433 08/24/2020 08/24/2020 English Books
OpacCredits

Contact the Librarian, GETS Library
Email: library@mygets.org









Implemented by GETS Library
(Powered by ETCA Professional Group)
GETS Theological Seminary
412 E. Rowland Street, CA 91723